Missing Word: Movies in Philadelphia Quiz Stats

 Plays Quiz Updated Aug 31, 2019

Score 0/20 Timer 05:00
0 Plays Today
Hint Answer % Correct
Up ____ and PersonalClose
94.8%
____ BalboaRocky
94.6%
____ Linings PlaybookSilver
93.7%
Brotherly ____Love
93.6%
Law Abiding ____Citizen
92.5%
The ____ SenseSixth
91.3%
____ in ShowBest
85.9%
World War ____Z
85.1%
National ____Treasure
72.1%
The In ____Crowd
68.4%
Hint Answer % Correct
____ for NothingMoney
64.2%
12 ____ Monkeys
59.8%
The ____ StoryPhiladelphia
58.9%
Lady in the ____Water
56.1%
In Her ____Shoes
39.4%
____ MamaBaby
36.9%
Stealing ____Home
25.7%
The ____ Picking Field Goal Kicking Philadelphia Phenomenon Garbage
8.2%
____ Two: On the MoveMannequin
6.4%
The ____ MillionaireHappiest
5.4%

Today's Daily Dose

Missing Word
Banned Books (A-Z)

Word Ladder
Janis Joplin

Get the Picture
Occupations

You're not logged in!

Compare scores with friends on all Sporcle quizzes.
OR
Log In

Sporcle TV

Today on Sporcle TV


Watch our educational content, quiz creation guides, and fun videos on Sporcle TV.

Show Comments

Extras

Top Quizzes Today


Score Distribution

Your Account Isn't Verified!

In order to create a playlist on Sporcle, you need to verify the email address you used during registration. Go to your Sporcle Settings to finish the process.

Report this User

Report this user for behavior that violates our Community Guidelines.

Details: